Limitation vs exclusion of liability (Record no. 79526)

MARC details
000 -LEADER
fixed length control field 01139cab a22002175a 4500
001 - CONTROL NUMBER
control field L141584
008 - FIXED-LENGTH DATA ELEMENTS--GENERAL INFORMATION
fixed length control field 071203e20071114xxk f 000 0 eng d
035 ## - SYSTEM CONTROL NUMBER
System control number (Sirsi) u141584
041 0# - LANGUAGE CODE
Language code of text/sound track or separate title eng
100 1# - MAIN ENTRY--PERSONAL NAME
Personal name Sanderson, Paul
245 00 - TITLE STATEMENT
Title Limitation vs exclusion of liability
260 ## - PUBLICATION, DISTRIBUTION, ETC.
Date of publication, distribution, etc. 2007
490 #0 - SERIES STATEMENT
Series statement Contract Journal
Volume/sequential designation 440(6651) 14 November 2007, 32(1)
520 ## - SUMMARY, ETC.
Summary, etc. Highlights the risks of having clauses struck out of contracts, with reference to "Regus (UK) Limited v Epcot Solutions Limited" ([2007] EWHC 938 (Comm), L138693). In "Regus" the question was whether the exclusion clause in the Regus standard form satisfied the reasonableness test in the Unfair Contract Terms Act 1977 s3. It was held that the exclusion clause was too widely drafted and was unenforceable. With this in mind, provides brief advice on steps to take when drafting such provisions.
590 ## - LOCAL NOTE (RLIN)
Local note KA
650 24 - SUBJECT ADDED ENTRY--TOPICAL TERM
Topical term or geographic name entry element REGUS (UK) LTD V EPCOT SOLUTIONS LTD
650 24 - SUBJECT ADDED ENTRY--TOPICAL TERM
Topical term or geographic name entry element UNFAIR CONTRACT TERMS ACT 1977 S3
651 #4 - SUBJECT ADDED ENTRY--GEOGRAPHIC NAME
Geographic name England and Wales
Chronological subdivision 1543-
690 ## - LOCAL SUBJECT ADDED ENTRY--TOPICAL TERM (OCLC, RLIN)
Topical term or geographic name as entry element BUILT ENVIRONMENT-CONSTRUCTION MANAGEMENT-BUILDING CONTRACT ADMINISTRATION
942 ## - ADDED ENTRY ELEMENTS (KOHA)
Suppress in OPAC 0
Holdings
Withdrawn status Lost status Source of classification or shelving scheme Damaged status Not for loan Home library Current library Shelving location Date acquired Total Checkouts Full call number Barcode Date last seen Copy number Price effective from Koha item type
    Dewey Decimal Classification     London London Journal article 03/12/2007   L141584 141584-1001 06/08/2019 1 06/08/2019 Journal article